=LDR 00000nam 2200000 4500 =001 INLIS000000000012564 =005 20130612104055 =008 ***********************************Ind** =035 ##$$0010-061300000012564 =041 ##$$a Ind =082 ##$$a 440 =090 ##$$a 440, Den b =100 ##$$a Denny M =245 ##$$a Bila anda ke perancis =260 ##$$a 1992 $b Jakarta =300 ##$$a 96 hlm., 21 cm =650 ##$$a Bahasa Perancis =850 ##$$a NBPNMAT